Регионална библиотека "Любен Каравелов" - Русе

Паскаль его жизнь и научно-философская деятельность (Запис номер 409310)

MARC детайли
000 -Лидер
Контролно поле с фиксирана дължина 01437nam a2200313 a 4500
003 - Код на организацията, давaща контролен номер
Контролно поле BLK
005 - Дата и час на последна редакция
Контролно поле 20240301133127.0
008 - Елементи от данни с фиксирана дължина
fixed length control field 210419b bu |||||r|||| 00| 0 bu d
040 ## - Източник на каталожния запис
Идентификатор на билиотеката - собственик на записа BLK
041 ## - Код за език
Код за езика на текст/звукозапис или на отделно заглавие Руски
Код за езика КДБФ Руски
080 ## - УДК
Текстов определител УДК Физика
УДК код - определител по УДК 53
УДК определител (092)
УДК - код + определител 53(092)
080 ## - УДК
Текстов определител УДК Френски математик, физик, религиозен философ, теолог и писател
УДК код - определител по УДК 929 Паскал, Блез
УДК - код + определител 929 Паскал, Блез
100 ## - Редна дума - Автор
R(LIN) 1299
Автор Филиппова, М. М
Авторска отговорност първи автор
139 ## - Редно поле
Редна дума Филиппова, М. М
245 ## - Сведения за заглавието
Заглавие Паскаль его жизнь и научно-философская деятельность
Редно поле (дума) М. М. Филиппова
260 ## - Област на издателските данни
9 (RLIN) 217800
Място на издаване, разпространение и проч. С. Петербург
Име на издателя, разпространителя и проч. типогр. и литогр. И. Г. Салова
Година на издаване 1891
300 ## - Физическа характеристика
Страници 78 с.
Размери/Мащаб 18 см
380 ## - Жанр
Жанр Естествени науки. Математика
490 ## - СЕРИИ (Колекции)
9 (RLIN) 435080
Име на серия Колекция Редки и ценни издания
490 ## - СЕРИИ (Колекции)
9 (RLIN) 202490
Име на серия Жизнь замечательных людей
600 14 - Име на лице, използвано като предмет
За него / За нея Паскал, Блез
Свързани дати 1623-1662
Друга информация Философ, теолог, писател, математик, физик
9 (RLIN) 106974
650 #7 - Допълнително описание по предмет – тема
9 (RLIN) 175324
Основно описание – тема или топоним Физици
650 #0 - Допълнително описание по предмет – тема
9 (RLIN) 319523
Основно описание – тема или топоним Физици, френски - биографии
653 #7 - Ключова дума – ненормативна
9 (RLIN) 199287
Ключова дума физици
852 ## - Местоположение
Форматна сигнатура Рр 891
Фондова буква Редки и ценни
999 ## - СИСТЕМНИ КОНТРОЛНИ НОМЕРА
Koha biblionumber 409310
Koha biblioitemnumber 409310
942 ## - АРТИКУЛИ
Вид на библиотечния материал Книги
Скрит в OPAC Не
Периодичен библиозапис Да
944 ## - СЪЗДАВАНЕ И РЕДАКЦИЯ на ЗАПИСА
Създаване/Редакция Създаване
Дата на регистрацията/редакция 2021-04-19
Служител, извършил регистрацията/редакцията 30560
Статус, дата на статуса Геновева Генчева
999 ## - СИСТЕМНИ КОНТРОЛНИ НОМЕРА
Koha biblioitemnumber 409310
Наличности
Код за отписване Код за изгубен артикул Източник на класификационната схема Код за повреда Коз за рестрикции Код за отдаване Артикулен № Име на библиотеката - собственик Име на библиотеката, в която се намира в момента Статус (Текущо местоположение) Дата на вписване в системата Местоположение - отдел Цена в лева Инвентарен номер Систематично азбучна сигнатура Баркод Цена в евро Служебен тип на артикула
  Не е изгубен Universal Decimal Classification Не е повреден само за читалня Специални фондове ( старопечатни, редки и ценни, фонд М. Арнаудов) 855760 Регионална библиотека "Любен Каравелов" Русе Регионална библиотека "Любен Каравелов" Русе Редки и ценни 2021-09-27 Редки и ценни 0.14 12297/58 Рр 891 900000052901 0.07 Книги
Vip Innovations Ltd, Rousse, Bulgaria 2025